| 000 | 00971nem a2200217 i 4500 | ||
|---|---|---|---|
| 001 | 20817 | ||
| 003 | ES-MaACL | ||
| 005 | 20250724094349.0 | ||
| 007 | t| | ||
| 008 | 021118s1867 sp | |0|1||spa d | ||
| 100 | 1 |
_aAlabern Casas, Ramón, _dca. 1830-ca. 1868 _919069 |
|
| 245 | 1 | 0 |
_aGeografía elemental dedicada a S. A. R. El Serenísimo Sr. Príncipe de Asturias [ _hMaterial cartográfico] _b: nuevo método ; enseñanza directa sobre los mapas, sin necesidad de libros / por Don Ramón Alabern. |
| 250 | _a2ª ed. | ||
| 260 |
_aMadrid : _b[s.n.], _c1867 ( _fImpr. de Manuel Minuesa) |
||
| 300 |
_a[20 p.] : _bmap. col. ; _c22 x 26 cm cm. |
||
| 505 | 8 | _aMapas y planos incluidos: [1. Mapa-mundi. 2. Europa. 3. España 4. Asia. 5. África. 6. América 7. Oceanía. 8. Tierra Santa] | |
| 650 | 0 | 4 |
_aGeografía- _xDidáctica. _913072 |
| 650 | 7 |
_aAtlas _2embne _910407 |
|
| 852 |
_aES-MaACL _jFol-Laf-29 _z.- Legado M. de la Fuente |
||
| 999 |
_c20817 _d20817 |
||